Ricostruisci la Carriera del Calciatore - Shinji Okazaki - Statistics

Statistiche generali
  • Questo quiz è stato fatto 3 volte
  • Il punteggio medio è 4 su 8
Statistiche sulle risposte
Hint Risposta % Corretto
2005-2011 Shimizu S-Pulse
100%
2019-2021 Huesca
67%
2015-2019 Leicester City
67%
2019 Malaga
67%
2022- Sint-Truiden
67%
2013-2015 Magonza
33%
2021-2022 FC Cartagena
0%
2011-2013 Stoccarda
0%
Nessun quiz corrispondente trovato
Distribuzione punteggi
Percentuale di utenti per punteggio
Percentile per numero di risposta
I tuoi punteggi nel tempo
Non hai fatto questo quiz